Most Played Live - Pet Shop Boys - Statistics

General Stats
  • This quiz has been taken 40 times
  • The average score is 9 of 20
Answer Stats
Answer % Correct
Always on My Mind
86%
Go West
86%
It's A Sin
86%
West End Girls
86%
Suburbia
72%
Domino Dancing
67%
Rent
61%
Opportunities
58%
Being Boring
44%
Left to My Own Devices
44%
Love Comes Quickly
28%
Love Etc
25%
New York City Boy
25%
Where the Streets Have No Name
22%
The Pop Kids
19%
Vocal
14%
Home and Dry
11%
Se A Vida E
8%
Integral
6%
The Sodom and Gomorrah Show
0%
No matching quizzes found
Score Distribution
Percent of People with Each Score
Percentile by Number Answered
Your Score History
You have not taken this quiz